Standard method of measurement of construction engineering works. Metric and Imperial (Record no. 94424)

MARC details
000 -LEADER
fixed length control field 00555cam a2200193 4500
001 - CONTROL NUMBER
control field D1085
008 - FIXED-LENGTH DATA ELEMENTS--GENERAL INFORMATION
fixed length control field 090401t1972 xxu||||| |||| 00| 0 eng d
035 ## - SYSTEM CONTROL NUMBER
System control number (Sirsi) u62493
041 ## - LANGUAGE CODE
Language code of text/sound track or separate title eng
050 ## - LIBRARY OF CONGRESS CALL NUMBER
Classification number 692.5
110 ## - MAIN ENTRY--CORPORATE NAME
Corporate name or jurisdiction name as entry element Association of Cost Engineers
9 (RLIN) 1254
245 ## - TITLE STATEMENT
Title Standard method of measurement of construction engineering works. Metric and Imperial
260 ## - PUBLICATION, DISTRIBUTION, ETC.
Place of publication, distribution, etc. London
Name of publisher, distributor, etc. Association of Cost Engineers
Date of publication, distribution, etc. 1972
300 ## - PHYSICAL DESCRIPTION
Extent 44p. 30cm
350 ## - PRICE (NR) (BK AM CF MU VM SE) [OBSOLETE]
Price 0
520 ## - SUMMARY, ETC.
Summary, etc. Filed in SMM Box 1972/2B B-Reference
942 ## - ADDED ENTRY ELEMENTS (KOHA)
Suppress in OPAC 0
948 ## - LOCAL PROCESSING INFORMATION (OCLC); SERIES PART DESIGNATOR (RLIN)
c (OCLC) 04/03/1997
Holdings
Withdrawn status Lost status Source of classification or shelving scheme Damaged status Not for loan Home library Current library Shelving location Date acquired Total Checkouts Full call number Barcode Date last seen Copy number Price effective from Koha item type
    Other/Generic Classification Scheme     London London Basement 15/01/1992   SMM 1972/2 - BASEMENT 30032199 06/08/2019 1 06/08/2019 Book
    Other/Generic Classification Scheme     London London Basement 15/01/1992   SMM 1972/2 - BASEMENT 30032203 06/08/2019 1 06/08/2019 Reference material